000 01477cam a2200229 4500
001 ABS64362
008 010911n2001 000 0 eng u
035 _a(Sirsi) u114541
100 _aBrewer, G
245 _aAdjudication on oral contracts
260 _c2001
490 _aContract Journal
_v410(6343) 5 September 2001, 27(1)
520 _aConsiders the case "RJT Consulting Engineers Ltd v DM Engineering (NI) Ltd" TCC, 9 May 2001, which examined whether oral contracts may be subject to the provisions of the Housing Grants, Construction and Regeneration Act 1996. An oral agreement was made between DM and RJT but when a dispute arose over the performance of the agreement and DM began adjudication, RJT argued that the oral engagment was not an agreement in writing for the purposes of the act. The declaration sought by RJT was refused on the grounds that there was evidence that supported the existence of the agreement, such as invoices and minutes of meetings, which would be sufficient to bring the agreement within the ambit of the act.
590 _aABS
650 _aMANAGEMENT-DISPUTE AVOIDANCE, MANAGEMENT AND RESOLUTION-DISPUTE MANAGEMENT AND RESOLUTION-ALTERNATIVE DISPUTE RESOLUTION-ADJUDICATION
650 _aORAL AGREEMENTS
650 _aHOUSING GRANTS CONSTRUCTION AND REGENERATION ACT 1996
650 _aR J T CONSULTING ENGINEERS LTD V D M ENGINEERING (NI) LTD
650 _aEVIDENCE
690 _aDispute resolution
_96236
942 _n0
999 _c68244
_d68244